| 000 | 00738nam a22002177a 4500 | ||
|---|---|---|---|
| 003 | OSt | ||
| 005 | 20140310182403.0 | ||
| 008 | 131002t xxu||||| |||| 00| 0 eng d | ||
| 020 | _a0871201889200 | ||
| 050 |
_aLB 2838 _b.Su959 1992 |
||
| 082 |
_aGLT 371.203 _bSu7 1992 |
||
| 100 |
_aGlickman, Carl D. _922556 |
||
| 245 |
_aSupervision in transition : _c Carl D. Glickman |
||
| 260 |
_aAlexandria, Va : _b Association for Supervision and Curriculum Development, _c1992. |
||
| 300 |
_a222 _bill. ; _c23 cm. |
||
| 650 |
_2 Curriculum planning _xUnited States _914396 |
||
| 650 |
_2 Curriculum planning _xUnited States _914396 |
||
| 650 |
_2Education-- _xUnited States--Curricula--Handbooks, _922756 |
||
| 942 |
_2lcc _cGLT |
||
| 999 |
_c12639 _d12639 |
||